000
00330 a2200157 4500
001
193015
020
_a
978-85-418-1010-4
040
_c
Magnum
100
_a
Montoro, Suzana
240
1
0
_a
Nem eu nem outro
_l
por
245
1
0
_a
Nem eu nem outro
300
_a
69
362
0
_a
2015
697
_a
LITERATURA JUVENIL
942
_c
BK
999
_c
193015
_d
193015